[Event "Mercredi 2023.11.22 ABCD"]
[Site "Montreal CAN"]
[Date "2023.11.29"]
[Round "2"]
[White "Jia, Zhe"]
[Black "Beaulieu, Pierre"]
[Result "0-1"]
[WhiteElo "1831"]
[BlackElo "1814"]
[PlyCount "66"]
[EventDate "2023.11.22"]
[EventType "tourn"]
[EventRounds "5"]
[EventCountry "CAN"]

1. e4 g6 2. d4 Bg7 3. f4 c5 4. dxc5 Qa5+ 5. c3 Qxc5 6. Qf3 d6 7. Be3 Qa5 8. Bc4
Nc6 9. Ne2 Nf6 10. h3 e6 11. O-O O-O 12. Na3 d5 13. exd5 Nxd5 14. Bf2 a6 15.
Rad1 Nde7 16. Nd4 e5 17. Nxc6 Nxc6 18. Kh2 exf4 19. Bd5 Be6 20. Bb3 Qc7 21. Nc4
b5 22. Nb6 Rad8 23. Kh1 Kh8 24. Nd5 Bxd5 25. Rxd5 Na5 26. Rc5 Qb8 27. Bd5 Nc4
28. Bxc4 bxc4 29. Rxc4 Qxb2 30. a4 g5 31. a5 Rc8 32. Rc6 Qb5 33. Rc5 Qxf1+ 0-1

[Event "Mercredi 2023.11.22 ABCD"]
[Site "Montreal CAN"]
[Date "2023.11.29"]
[Round "2"]
[White "Latorre, Vincent"]
[Black "Batorshyn, Ilia	"]
[Result "1/2-1/2"]
[WhiteElo "2235"]
[BlackElo "2226"]
[PlyCount "101"]
[EventDate "2023.11.22"]
[EventType "tourn"]
[EventRounds "5"]
[EventCountry "CAN"]

1. Nf3 Nf6 2. g3 b5 3. Bg2 Bb7 4. O-O e6 5. d3 Be7 6. e4 O-O 7. a4 b4 8. Nbd2
d6 9. a5 c5 10. Re1 Qc7 11. Nc4 Nbd7 12. b3 Rad8 13. Bb2 Ne8 14. Qe2 Bf6 15.
Bxf6 Nexf6 16. Nfd2 d5 17. Ne3 Nb8 18. f4 Nc6 19. e5 Nd7 20. Nf3 Nxa5 21. f5
Nc6 22. fxe6 Ndxe5 23. exf7+ Nxf7 24. Qd2 Qb6 25. Kh1 Nce5 26. Nxe5 Nxe5 27.
Rf1 Rxf1+ 28. Rxf1 d4 29. Nf5 Re8 30. Kg1 Bxg2 31. Qxg2 Qc6 32. Qe2 g6 33. Nh6+
Kg7 34. Ng4 Nxg4 35. Qxg4 Qe6 36. Qf4 Qe3+ 37. Qxe3 dxe3 38. Re1 Kf6 39. Kg2
Kf5 40. Kf3 e2 41. h3 a5 42. Rxe2 Rxe2 43. Kxe2 Ke5 44. Ke3 h6 45. Ke2 g5 46.
g4 Kd4 47. Kd2 Kd5 48. Ke3 Ke5 49. Ke2 Kf4 50. Kf2 Ke5 51. Ke2 1/2-1/2

[Event "Mercredi 2023.11.22 ABCD"]
[Site "Montreal CAN"]
[Date "2023.12.12"]
[Round "2"]
[White "Lima-Barbosa, Raphael"]
[Black "Li, Yi Lin"]
[Result "0-1"]
[WhiteElo "2052"]
[BlackElo "2064"]
[PlyCount "100"]
[EventDate "2023.11.22"]
[EventType "tourn"]
[EventRounds "5"]
[EventCountry "CAN"]

1. c4 e6 2. Nc3 d5 3. d4 Nf6 4. cxd5 exd5 5. Bg5 Nbd7 6. e3 c6 7. Bd3 Bd6 8.
Qc2 Qc7 9. Nge2 O-O 10. Bf4 Bxf4 11. Nxf4 Qd6 12. O-O-O b5 13. g4 b4 14. Na4
Re8 15. Rhg1 Nf8 16. g5 N6d7 17. h4 g6 18. h5 a5 19. hxg6 fxg6 20. Kb1 Ba6 21.
Rc1 Bxd3 22. Nxd3 Rac8 23. Nac5 Nb6 24. Ne5 Ne6 25. Nxe6 Rxe6 26. Ng4 Nd7 27.
Nh6+ Kg7 28. Qa4 Ra8 29. Rg3 Ra6 30. Rf3 Re7 31. Ng4 Qe6 32. Nf6 Rf7 33. Rh1
Nxf6 34. gxf6+ Rxf6 35. Rfh3 Qe4+ 36. Ka1 h5 37. f4 Qd3 38. Rg3 Kf7 39. Rd1 Qe2
40. Rg5 Qxe3 41. Re5 Qxf4 42. Qc2 Rf5 43. Qe2 Ra7 44. Re8 Qd6 45. Re1 Kg7 46.
Qg2 Qf4 47. Rg1 Rf6 48. Rge1 Raf7 49. Qc2 Qxd4 50. Rd1 Qg4 0-1

[Event "Mercredi 2023.11.22 ABCD"]
[Site "Montreal CAN"]
[Date "2023.11.29"]
[Round "2"]
[White "Morin-Pare, Victor"]
[Black "Templonueva, Mark Geryl"]
[Result "1/2-1/2"]
[WhiteElo "1868"]
[BlackElo "1897"]
[PlyCount "93"]
[EventDate "2023.11.22"]
[EventType "tourn"]
[EventRounds "5"]
[EventCountry "CAN"]

1. d4 d5 2. Bf4 Nf6 3. Nc3 c5 4. e4 Nxe4 5. Nxe4 dxe4 6. dxc5 Qxd1+ 7. Rxd1 Nc6
8. Bb5 Bd7 9. Ne2 f6 10. O-O e5 11. Be3 f5 12. Rd5 O-O-O 13. Rfd1 Be7 14. Nc3
Bf6 15. b4 f4 16. Bc1 Bg4 17. Rxd8+ Bxd8 18. Re1 Nxb4 19. Nxe4 Nxa2 20. Bd2 a5
21. c3 Be6 22. Nd6+ Kc7 23. Rxe5 Bd7 24. Bxd7 Kxd7 25. Nxb7 Bc7 26. Nd6 Rb8 27.
h4 Rb2 28. Bxf4 Nxc3 29. Rf5 Ne2+ 30. Kf1 Nd4 31. Re5 Ra2 32. Re4 Ra1+ 33. Re1
Rxe1+ 34. Kxe1 a4 35. Kd1 Ne6 36. Be3 Bxd6 37. cxd6 Kxd6 38. Kc2 h5 39. Kb2 Kc6
40. Ka3 Kb5 41. f3 Nc7 42. g4 Nd5 43. Bd2 g6 44. gxh5 gxh5 45. Ka2 Ne7 46. Ka3
Nf5 47. Bg5 1/2-1/2

[Event "Mercredi 2023.11.22 ABCD"]
[Site "Montreal CAN"]
[Date "2023.11.29"]
[Round "2"]
[White "Nardone, Raul"]
[Black "Giard, Antoine"]
[Result "1/2-1/2"]
[WhiteElo "1755"]
[BlackElo "1813"]
[PlyCount "104"]
[EventDate "2023.11.22"]
[EventType "tourn"]
[EventRounds "5"]
[EventCountry "CAN"]

1. d4 Nf6 2. c4 g6 3. Nc3 Bg7 4. Nf3 O-O 5. Bg5 d6 6. e3 c5 7. d5 h6 8. Bh4 Qb6
9. Qd2 Bf5 10. Be2 Na6 11. O-O g5 12. Bg3 Ne4 13. Nxe4 Bxe4 14. Bd3 f5 15. Bxe4
fxe4 16. Ne1 Rab8 17. Rb1 Qc7 18. Qc2 Nb4 19. Qxe4 Nxa2 20. h4 Qd7 21. Nd3 Qf5
22. Nxc5 gxh4 23. Bh2 Qxe4 24. Nxe4 a6 25. c5 Be5 26. f4 Bf6 27. cxd6 exd6 28.
Nxf6+ Rxf6 29. e4 Nb4 30. Rbc1 Re8 31. e5 dxe5 32. fxe5 Rxf1+ 33. Rxf1 Nxd5 34.
Re1 Kf7 35. Re4 Rc8 36. Rxh4 Rc1+ 37. Kf2 Rc2+ 38. Kf3 Rxb2 39. Rxh6 a5 40. Rd6
Ne7 41. Bg1 Rb5 42. Ke4 a4 43. Bd4 a3 44. e6+ Ke8 45. g4 a2 46. Bf6 Rb4+ 47.
Kd3 Rf4 48. Be5 Rxg4 49. Rb6 Rg5 50. Rxb7 Rxe5 51. Rb8+ Nc8 52. Rxc8+ Ke7
1/2-1/2

[Event "Mercredi 2023.11.22 ABCD"]
[Site "Montreal CAN"]
[Date "2023.11.29"]
[Round "2"]
[White "Pelletier, Arnaud"]
[Black "Destree, Frederic"]
[Result "1-0"]
[WhiteElo "1730"]
[BlackElo "1791"]
[PlyCount "71"]
[EventDate "2023.11.22"]
[EventType "tourn"]
[EventRounds "5"]
[EventCountry "CAN"]

1. d4 d6 2. c4 e5 3. e3 g6 4. Nc3 Bg7 5. Nf3 Nc6 6. Be2 Nf6 7. b3 O-O 8. Bb2
Bg4 9. h3 Bd7 10. O-O h6 11. a3 a6 12. b4 Nh7 13. Qb3 exd4 14. exd4 Nxd4 15.
Nxd4 Bxd4 16. Nd5 Bxb2 17. Qxb2 c6 18. Nc3 Qf6 19. Qd2 Rfe8 20. Bd3 Rad8 21.
Rad1 Kg7 22. Ne4 Qe5 23. Rfe1 Qd4 24. Qc1 d5 25. Bf1 Qb6 26. Qb2+ Kg8 27. cxd5
cxd5 28. Rxd5 Bc6 29. Nf6+ Nxf6 30. Qxf6 Qc7 31. Rxd8 Qxd8 32. Rxe8+ Qxe8 33.
Bc4 h5 34. Qxg6+ Kf8 35. Qxh5 Bxg2 36. Qh8+ 1-0

[Event "Mercredi 2023.11.22 ABCD"]
[Site "Montreal CAN"]
[Date "2023.11.29"]
[Round "2"]
[White "Pomerantz, Daniel"]
[Black "Adam, Rafael"]
[Result "1/2-1/2"]
[WhiteElo "2116"]
[BlackElo "2211"]
[PlyCount "120"]
[EventDate "2023.11.22"]
[EventType "tourn"]
[EventRounds "5"]
[EventCountry "CAN"]

1. e4 c6 2. d4 d5 3. e5 Bf5 4. Nf3 e6 5. Be2 Nd7 6. c3 h6 7. O-O Ne7 8. Na3 g5
9. Nc2 Bg7 10. a4 O-O 11. a5 Qc7 12. a6 b6 13. Nfe1 f6 14. exf6 Nxf6 15. Bd3
Ng6 16. Ne3 Bxd3 17. Nxd3 Rae8 18. Ng4 Nd7 19. Qc2 h5 20. Nge5 Ndxe5 21. Nxe5
Nxe5 22. dxe5 Qxe5 23. Qg6 g4 24. Bg5 Qf5 25. Qxh5 Bf6 26. f4 e5 27. Qh6 e4 28.
Rae1 c5 29. Re3 Bxg5 30. Qxg5+ Qxg5 31. fxg5 Re5 32. Rxf8+ Kxf8 33. Kf2 d4 34.
cxd4 cxd4 35. Re1 Kf7 36. Rc1 Re7 37. Rc6 e3+ 38. Ke1 Rd7 39. Kd1 d3 40. Rf6+
Ke7 41. Rf4 Rd6 42. Re4+ Re6 43. Rxe6+ Kxe6 44. h4 gxh3 45. gxh3 Kf5 46. h4 Kg6
47. Ke1 Kh5 48. Kf1 Kg6 49. Ke1 Kf5 50. Kd1 b5 51. b4 Kg6 52. Ke1 Kh5 53. Kf1
Kg6 54. Ke1 Kf5 55. Kd1 e2+ 56. Kd2 Kg6 57. Ke1 Kf5 58. Kd2 Kg6 59. Ke1 Kf5 60.
Kd2 Kg6 1/2-1/2

[Event "Mercredi 2023.11.22 ABCD"]
[Site "Montreal CAN"]
[Date "2023.11.29"]
[Round "2"]
[White "Singher, Jean-Pierre"]
[Black "Chapdelaine, Gwyn"]
[Result "1/2-1/2"]
[WhiteElo "1956"]
[BlackElo "2061"]
[PlyCount "49"]
[EventDate "2023.11.22"]
[EventType "tourn"]
[EventRounds "5"]
[EventCountry "CAN"]

1. d4 Nf6 2. Bf4 b6 3. Nc3 Bb7 4. e3 d6 5. Nf3 e6 6. a4 a6 7. Bd3 Be7 8. h3
Nbd7 9. O-O c5 10. Bh2 O-O 11. Nb1 Ne4 12. c3 Ndf6 13. Qe2 Qd7 14. Nbd2 Qc6 15.
Rfe1 Nxd2 16. Qxd2 c4 17. Bf1 b5 18. Qc2 Ne4 19. Nd2 Nxd2 20. Qxd2 f5 21. f3
Rf6 22. axb5 axb5 23. Rxa8+ Bxa8 24. Ra1 Rf8 25. Qc2 1/2-1/2

[Event "Mercredi 2023.11.22 ABCD"]
[Site "Montreal CAN"]
[Date "2023.12.06"]
[Round "3"]
[White "Adam, Rafael"]
[Black "Latorre, Vincent"]
[Result "0-1"]
[WhiteElo "2211"]
[BlackElo "2235"]
[PlyCount "140"]
[EventDate "2023.11.22"]
[EventType "tourn"]
[EventRounds "5"]
[EventCountry "CAN"]

1. Nf3 Nf6 2. c4 g6 3. b4 Bg7 4. Bb2 O-O 5. e3 d6 6. Be2 e5 7. d3 a5 8. b5 Nbd7
9. O-O e4 10. Nd4 exd3 11. Bxd3 Nc5 12. Nc3 Nxd3 13. Qxd3 Nd7 14. Rac1 Nc5 15.
Qd2 Bd7 16. Nb3 Be6 17. Nd5 Bxb2 18. Qxb2 Bxd5 19. Nxc5 Bxg2 20. Kxg2 Qg5+ 21.
Kh1 Qxc5 22. Rfd1 Qf5 23. Qe2 Rfe8 24. Rd4 Re4 25. Rcd1 Rae8 26. Kg2 Qg5+ 27.
Kh1 Qf5 28. Kg2 Rxd4 29. Rxd4 Re4 30. Rxe4 Qxe4+ 31. f3 Qe5 32. Qd2 a4 33. Qb4
Qxe3 34. Qxa4 Qe2+ 35. Kg3 b6 36. Qa8+ Kg7 37. Qc6 Qe5+ 38. Kg2 Qg5+ 39. Kh3
Qc5 40. Qe4 h5 41. Kg2 Qg5+ 42. Kh3 Qf6 43. Qc6 Qf5+ 44. Kg2 Qg5+ 45. Kh3 Qc5
46. Qe4 Kf6 47. Qh4+ Qg5 48. Qd4+ Qe5 49. Qh4+ Kg7 50. a4 Qa1 51. Qe4 Qxa4 52.
Qd4+ Kg8 53. Kh4 Qa8 54. Qf6 Qe8 55. Kg5 Qe5+ 56. Qxe5 dxe5 57. Kf6 Kf8 58. h4
Ke8 59. Kxe5 Ke7 60. f4 f6+ 61. Kd5 Kd7 62. Kd4 Kd6 63. Ke4 Ke6 64. f5+ gxf5+
65. Kf4 Ke7 66. Kxf5 Kf7 67. Ke4 Ke6 68. Kf4 f5 69. Kg5 Ke5 70. Kxh5 Kf6 0-1

[Event "Mercredi 2023.11.22 ABCD"]
[Site "Montreal CAN"]
[Date "2023.12.06"]
[Round "3"]
[White "Batorshyn, Ilia	"]
[Black "Di Matteo, Alessio"]
[Result "1-0"]
[WhiteElo "2226"]
[BlackElo "2114"]
[PlyCount "45"]
[EventDate "2023.11.22"]
[EventType "tourn"]
[EventRounds "5"]
[EventCountry "CAN"]

1. e4 c5 2. Nf3 e6 3. c3 d5 4. exd5 Qxd5 5. d4 Nf6 6. Be2 Be7 7. c4 Qd8 8. O-O
Nc6 9. dxc5 Qxd1 10. Rxd1 Bxc5 11. Nc3 O-O 12. Bg5 a6 13. Bxf6 gxf6 14. Ne4 Be7
15. Nd6 Rd8 16. c5 Bxd6 17. cxd6 Bd7 18. Rac1 Rac8 19. Rc3 Nb4 20. Rc7 Bc6 21.
Nd4 Rxc7 22. dxc7 Rc8 23. Nf5 1-0

[Event "Mercredi 2023.11.22 ABCD"]
[Site "Montreal CAN"]
[Date "2023.12.06"]
[Round "3"]
[White "Beaulieu, Pierre"]
[Black "Pelletier, Arnaud"]
[Result "1-0"]
[WhiteElo "1814"]
[BlackElo "1730"]
[PlyCount "113"]
[EventDate "2023.11.22"]
[EventType "tourn"]
[EventRounds "5"]
[EventCountry "CAN"]

1. Nf3 d6 2. b3 e5 3. d3 f5 4. Nbd2 Be7 5. Bb2 Nf6 6. e3 Nc6 7. Be2 Rg8 8. d4
e4 9. Ng5 h6 10. Nh3 Be6 11. Bb5 g5 12. Qe2 a6 13. Bxc6+ bxc6 14. c4 d5 15. Bc3
f4 16. exf4 Bxh3 17. gxh3 gxf4 18. O-O-O Ba3+ 19. Kc2 Qe7 20. Rhg1 Rxg1 21.
Rxg1 Kf7 22. Nb1 Bb4 23. Bb2 Qe6 24. Bc1 Qf5 25. Kb2 Bd6 26. c5 Be7 27. Qd2 Nh5
28. Rg4 Bg5 29. Qa5 Qd7 30. Nc3 Bf6 31. Qb4 Bg5 32. Qb7 Re8 33. Qxa6 e3 34.
fxe3 fxe3 35. Qd3 Nf6 36. Qf1 Kg7 37. Qg2 Nxg4 38. hxg4 Rf8 39. Nd1 Qe7 40. Qe2
Re8 41. h4 Bxh4 42. Nxe3 Kh7 43. Qc2+ Qe4 44. a4 Qxc2+ 45. Nxc2 Bg5 46. Nb4
Bxc1+ 47. Kxc1 Rb8 48. Nxc6 Rxb3 49. a5 Rg3 50. a6 Ra3 51. a7 Kg7 52. Kb2 Ra6
53. Kb3 Kf6 54. Kb4 Kg5 55. Kb5 Ra1 56. Na5 c6+ 57. Ka6 1-0

[Event "Mercredi 2023.11.22 ABCD"]
[Site "Montreal CAN"]
[Date "2023.12.06"]
[Round "3"]
[White "Cardin, Guillaume"]
[Black "Singher, Jean-Pierre"]
[Result "1/2-1/2"]
[WhiteElo "2064"]
[BlackElo "1956"]
[PlyCount "95"]
[EventDate "2023.11.22"]
[EventType "tourn"]
[EventRounds "5"]
[EventCountry "CAN"]

1. d4 d5 2. c4 c6 3. Nc3 Nf6 4. e3 a6 5. Nf3 Bf5 6. Qb3 Ra7 7. Nh4 Be6 8. c5 g6
9. Bd3 Bg7 10. Bd2 Nbd7 11. f4 Ne4 12. Qc2 Nxd2 13. Qxd2 Bf6 14. Nf3 Bf5 15. e4
dxe4 16. Bxe4 O-O 17. O-O Bg7 18. Rad1 Bxe4 19. Nxe4 Nf6 20. Nxf6+ Bxf6 21. Ne5
Qd5 22. b3 Raa8 23. Ng4 Rad8 24. Nxf6+ exf6 25. f5 g5 26. Qb4 Rfe8 27. Rde1
Rxe1 28. Rxe1 Qxd4+ 29. Qxd4 Rxd4 30. Re7 Rb4 31. g3 h5 32. h3 Rb5 33. Kg2 Rxc5
34. Rxb7 Rc2+ 35. Kf3 Rxa2 36. Rb6 Rb2 37. Rxc6 Rxb3+ 38. Kf2 a5 39. Rxf6 a4
40. Ra6 a3 41. Ra8+ Kg7 42. Ra6 h4 43. gxh4 gxh4 44. Kg2 f6 45. Ra4 Rb2+ 46.
Kf3 a2 47. Kg4 Rb4+ 48. Kh5 1/2-1/2

[Event "Mercredi 2023.11.22 ABCD"]
[Site "Montreal CAN"]
[Date "2023.12.06"]
[Round "3"]
[White "Chapdelaine, Gwyn"]
[Black "Lima-Barbosa, Raphael"]
[Result "1-0"]
[WhiteElo "2061"]
[BlackElo "2052"]
[PlyCount "95"]
[EventDate "2023.11.22"]
[EventType "tourn"]
[EventRounds "5"]
[EventCountry "CAN"]

1. c4 Nf6 2. Nc3 g6 3. g3 Bg7 4. Bg2 d6 5. e4 O-O 6. Nge2 e5 7. d3 Nc6 8. O-O
Be6 9. h3 Qd7 10. Kh2 Kh8 11. Be3 Ng8 12. Rc1 f5 13. exf5 gxf5 14. f4 Nf6 15.
Bg1 Rae8 16. b3 Bf7 17. Qc2 a5 18. a3 h5 19. Rcd1 Rg8 20. fxe5 dxe5 21. d4 e4
22. Nf4 h4 23. Nce2 Nh5 24. gxh4 Bf6 25. Qc1 Bxh4 26. d5 Ne5 27. Bd4 Kh7 28.
Qc3 Nf3+ 29. Bxf3 Nxf4 30. Nxf4 exf3 31. Rxf3 Re4 32. Bf6 Rxf4 33. Rxf4 Bg3+
34. Qxg3 Rxg3 35. Kxg3 Qd6 36. Bd4 Qxa3 37. Rg1 Qxb3+ 38. Kh2 Bh5 39. Rxf5 Qc2+
40. Rf2 Qxc4 41. Rg7+ Kh6 42. Rf6+ Bg6 43. Rfxg6+ Kh5 44. Rg2 Qd3 45. Be3 a4
46. R2g5+ Kh6 47. R5g6+ Kh5 48. Rh6# 1-0

[Event "Mercredi 2023.11.22 ABCD"]
[Site "Montreal CAN"]
[Date "2023.12.06"]
[Round "3"]
[White "Destree, Frederic"]
[Black "Nardone, Raul"]
[Result "0-1"]
[WhiteElo "1791"]
[BlackElo "1755"]
[PlyCount "138"]
[EventDate "2023.11.22"]
[EventType "tourn"]
[EventRounds "5"]
[EventCountry "CAN"]

1. Nf3 c5 2. g3 Nc6 3. d4 cxd4 4. Nxd4 Nf6 5. Bg2 g6 6. O-O Bg7 7. c4 O-O 8.
Nc3 Qb6 9. Nxc6 dxc6 10. Qc2 Be6 11. b3 Rad8 12. Bb2 Qc7 13. Rfd1 Rxd1+ 14.
Rxd1 Rd8 15. Na4 Bf5 16. Rxd8+ Qxd8 17. e4 Bc8 18. Nc5 b6 19. Nd3 c5 20. e5 Ng4
21. h3 Bf5 22. hxg4 Qxd3 23. Qxd3 Bxd3 24. g5 Bb1 25. a3 Ba2 26. b4 cxb4 27.
axb4 Bxc4 28. f4 e6 29. Bc3 h6 30. gxh6 Bxh6 31. Bd2 Kf8 32. Kf2 Ke7 33. g4 Kd7
34. Ke3 Kc7 35. Bf3 Bf8 36. Kd4 Ba2 37. g5 Be7 38. Be2 Bd5 39. Bb5 Bc6 40. Ba6
Bd7 41. Bd3 b5 42. Be2 Bc6 43. Bd3 Kb7 44. Be2 Bd8 45. Kc5 Be7+ 46. Kd4 a6 47.
Bf1 Bd5 48. Be2 Kc6 49. Bf1 Bd8 50. Bd3 Bb6+ 51. Kc3 Bf2 52. Bf1 Be4 53. Bd3
Bxd3 54. Kxd3 Kd5 55. Ke2 Bd4 56. Kd3 Bf2 57. Bc3 Bg3 58. Bd2 Bf2 59. Bc3 Bg1
60. Be1 Bh2 61. Bd2 Bg3 62. Bc1 Be1 63. Ba3 a5 64. bxa5 Bxa5 65. Bb2 Be1 66.
Bc1 b4 67. Ke2 Bc3 68. Kd3 Bd4 69. Kc2 Ke4 0-1

[Event "Mercredi 2023.11.22 ABCD"]
[Site "Montreal CAN"]
[Date "2023.12.06"]
[Round "3"]
[White "Gadbois, Patrick"]
[Black "Cote, Etienne"]
[Result "1-0"]
[WhiteElo "1907"]
[BlackElo "1819"]
[PlyCount "65"]
[EventDate "2023.11.22"]
[EventType "tourn"]
[EventRounds "5"]
[EventCountry "CAN"]

1. d4 Nf6 2. Bf4 g6 3. Nc3 Bg7 4. e4 d6 5. Qd2 c6 6. O-O-O Qa5 7. Kb1 Be6 8. f3
b5 9. d5 Bd7 10. dxc6 Nxc6 11. Bxb5 Rb8 12. Bxc6 Qb6 13. Bxd7+ Nxd7 14. b3 Nc5
15. Nge2 a5 16. Nd5 Qa7 17. Be3 O-O 18. Bd4 e6 19. Bxg7 Kxg7 20. Ndc3 a4 21.
Nc1 Rb6 22. Nd3 axb3 23. cxb3 Nxb3 24. axb3 Rxb3+ 25. Kc2 Ra3 26. Rb1 Rc8 27.
Rb3 Ra2+ 28. Nb2 Qa4 29. Rd1 Rc4 30. Qxd6 Qa5 31. Qb6 Qe5 32. Kb1 Ra8 33. Nxc4
1-0

[Event "Mercredi 2023.11.22 ABCD"]
[Site "Montreal CAN"]
[Date "2023.12.06"]
[Round "3"]
[White "Genzling, Jerome"]
[Black "Pomerantz, Daniel"]
[Result "1/2-1/2"]
[WhiteElo "2124"]
[BlackElo "2116"]
[PlyCount "39"]
[EventDate "2023.11.22"]
[EventType "tourn"]
[EventRounds "5"]
[EventCountry "CAN"]

1. e4 c6 2. Nf3 d5 3. Nc3 dxe4 4. Nxe4 Nf6 5. Qe2 Nxe4 6. Qxe4 Nd7 7. Bc4 Nf6
8. Ne5 e6 9. Qe2 b5 10. Bb3 Qc7 11. d4 Bd6 12. O-O O-O 13. Bf4 a5 14. c3 c5 15.
dxc5 Qxc5 16. Rfd1 Bc7 17. Qf3 Rb8 18. Nd3 Qe7 19. Bxc7 Qxc7 20. Qg3 1/2-1/2

[Event "Mercredi 2023.11.22 ABCD"]
[Site "Montreal CAN"]
[Date "2023.12.06"]
[Round "3"]
[White "Giard, Antoine"]
[Black "Baran, Marius"]
[Result "1-0"]
[WhiteElo "1813"]
[BlackElo "1746"]
[PlyCount "81"]
[EventDate "2023.11.22"]
[EventType "tourn"]
[EventRounds "5"]
[EventCountry "CAN"]

1. e4 c6 2. d4 d5 3. e5 Bf5 4. Nc3 e6 5. g4 Bg6 6. Nge2 Be7 7. Ng3 a6 8. Be3
Nd7 9. f4 Bh4 10. Bh3 Ne7 11. O-O Bxg3 12. hxg3 f5 13. exf6 gxf6 14. f5 exf5
15. g5 O-O 16. Qd2 Qa5 17. Rae1 Rae8 18. gxf6 Nxf6 19. Bh6 Rf7 20. Qe3 Qd8 21.
Qf3 Nc8 22. Bxf5 Ne4 23. Qg4 Rxf5 24. Rxf5 Ncd6 25. Re5 Nf7 26. Rxe8+ Qxe8 27.
Nxe4 dxe4 28. Bf4 Kg7 29. Rf1 h6 30. c3 Qe7 31. Qc8 e3 32. Be5+ Nxe5 33. dxe5
e2 34. Re1 Qxe5 35. Qxb7+ Bf7 36. Kf2 Kf6 37. Qxc6+ Kg5 38. Qf3 Bh5 39. Qe3+
Qxe3+ 40. Kxe3 Kg4 41. Kf2 1-0

[Event "Mercredi 2023.11.22 ABCD"]
[Site "Montreal CAN"]
[Date "2023.12.06"]
[Round "3"]
[White "Li, Yi Lin"]
[Black "Guillemette, Hugo"]
[Result "0-1"]
[WhiteElo "2064"]
[BlackElo "2096"]
[PlyCount "174"]
[EventDate "2023.11.22"]
[EventType "tourn"]
[EventRounds "5"]
[EventCountry "CAN"]

1. e4 c5 2. Nf3 e6 3. d4 cxd4 4. Nxd4 Nc6 5. Be3 Nf6 6. Bd3 d5 7. exd5 Nxd5 8.
Nxc6 bxc6 9. Bd2 Bc5 10. O-O Qb6 11. c4 Ba6 12. Qe2 Nf6 13. Nc3 Qc7 14. Rab1
Rd8 15. Bg5 Bd4 16. Ne4 Qe5 17. Bh4 Qa5 18. Nxf6+ Bxf6 19. Bxf6 gxf6 20. Qf3
Ke7 21. Rfd1 c5 22. a3 Rd7 23. b4 Qc7 24. Qe3 Rhd8 25. b5 Bb7 26. Be2 Rd4 27.
Rxd4 Rxd4 28. f3 Qd6 29. Rb3 e5 30. a4 Bc8 31. a5 Be6 32. b6 axb6 33. axb6 Qb8
34. Qc3 Qb7 35. Qa5 Kd6 36. Qa7 Bc8 37. Kf2 f5 38. Qa5 Bd7 39. Ra3 Bc6 40. Ke3
f4+ 41. Kf2 f5 42. Rd3 Rxd3 43. Bxd3 e4 44. Bc2 Qg7 45. Qd2+ Qd4+ 46. Ke1 Ke5
47. Qxd4+ Kxd4 48. Ba4 Bb7 49. Bb5 Ke3 50. Bd7 exf3 51. gxf3 Kxf3 52. Kf1 Ke4
53. Be6 Ke5 54. Bg8 h6 55. Bf7 Kd6 56. Be8 Bc6 57. Bg6 Be4 58. Be8 Bd3+ 59. Kf2
Bxc4 60. Kf3 Bd5+ 61. Kxf4 Be4 62. Bb5 Bc2 63. Ke3 Bb3 64. Kd3 Bd5 65. Be8 f4
66. Bb5 f3 67. Ke3 c4 68. Ba6 Kc6 69. b7 Kc7 70. Kf2 c3 71. Ke3 Bxb7 72. Bd3
Kd6 73. Kd4 f2 74. Ke3 c2 75. Kd2 Bg2 76. Kxc2 f1=Q 77. Bxf1 Bxf1 78. Kd2 Ke5
79. Ke1 Ba6 80. Kf2 Kf4 81. Kg2 Kg4 82. h3+ Kh4 83. Kh2 Bb7 84. Kg1 Kxh3 85.
Kf1 h5 86. Kf2 h4 87. Kg1 Kg3 0-1

[Event "Mercredi 2023.11.22 ABCD"]
[Site "Montreal CAN"]
[Date "2023.12.06"]
[Round "3"]
[White "Templonueva, Mark Geryl"]
[Black "Deboosere, Adam"]
[Result "1-0"]
[WhiteElo "1897"]
[BlackElo "1934"]
[PlyCount "70"]
[EventDate "2023.11.22"]
[EventType "tourn"]
[EventRounds "5"]
[EventCountry "CAN"]

1. d4 Nf6 2. c4 e6 3. Nf3 b6 4. g3 Ba6 5. Qc2 c5 6. d5 exd5 7. cxd5 Bb7 8. e4
Qe7 9. Nc3 Nxd5 10. Bd3 Nb4 11. Qe2 Nxd3+ 12. Qxd3 a6 13. O-O Qd8 14. Nd5 Nc6
15. Qc3 f6 16. Bf4 Rc8 17. Rfe1 d6 18. Rad1 Ne7 19. Nxf6+ gxf6 20. Rxd6 Qc7 21.
Rxf6 Qd7 22. Rd6 Qg4 23. Qxh8 Ng6 24. Rxg6 Qxg6 25. Qe5+ Kf7 26. Qc3 Kg8 27.
Ng5 Bg7 28. Qc4+ Kf8 29. Rd1 Bd4 30. Ne6+ Ke8 31. Nxd4 cxd4 32. Qxd4 Qxe4 33.
Qxe4+ Bxe4 34. Re1 Rc4 35. f3 Rc1 1-0

[Event "Mercredi 2023.11.22 ABCD"]
[Site "Montreal CAN"]
[Date "2023.12.13"]
[Round "4"]
[White "Baran, Marius"]
[Black "Destree, Frederic"]
[Result "1/2-1/2"]
[WhiteElo "1746"]
[BlackElo "1791"]
[PlyCount "64"]
[EventDate "2023.11.22"]
[EventType "tourn"]
[EventRounds "5"]
[EventCountry "CAN"]

1. d4 d6 2. c4 e5 3. dxe5 dxe5 4. Qxd8+ Kxd8 5. Nc3 Be6 6. e4 Nc6 7. Be3 Bb4 8.
O-O-O+ Kc8 9. Nd5 Nf6 10. f3 Rd8 11. a3 Bf8 12. Ne2 Ne7 13. Nec3 c6 14. Nxf6
gxf6 15. Be2 Rxd1+ 16. Rxd1 Kc7 17. Kc2 Nc8 18. c5 b6 19. b4 a5 20. f4 axb4 21.
axb4 bxc5 22. b5 Nb6 23. bxc6 Kxc6 24. Bb5+ Kc7 25. f5 Bd7 26. Bxd7 Nxd7 27.
Nd5+ Kc6 28. Kb3 Rb8+ 29. Kc3 Ra8 30. Kb3 Rb8+ 31. Kc3 Ra8 32. Kb3 Rb8+ 1/2-1/2

[Event "Mercredi 2023.11.22 ABCD"]
[Site "Montreal CAN"]
[Date "2023.12.13"]
[Round "4"]
[White "Batorshyn, Ilia	"]
[Black "Adam, Rafael"]
[Result "1-0"]
[WhiteElo "2226"]
[BlackElo "2211"]
[PlyCount "113"]
[EventDate "2023.11.22"]
[EventType "tourn"]
[EventRounds "5"]
[EventCountry "CAN"]

1. e4 e5 2. Nf3 Nc6 3. Bb5 Nf6 4. O-O Nxe4 5. d4 Nd6 6. Bxc6 dxc6 7. dxe5 Nf5
8. Qxd8+ Kxd8 9. h3 h5 10. Nc3 Ke8 11. b3 h4 12. Re1 Bb4 13. Bb2 Be6 14. Rad1
a5 15. Ng5 Rd8 16. Nxe6 fxe6 17. Rxd8+ Kxd8 18. Rd1+ Ke8 19. Ne2 Bc5 20. Nf4
Rh6 21. Rd3 Be7 22. Rf3 Kd7 23. Rd3+ Ke8 24. Rf3 Kd7 25. Kf1 c5 26. Nd3 g5 27.
Nc1 Rg6 28. Ne2 Kc6 29. Rd3 b5 30. c4 b4 31. g4 hxg3 32. fxg3 Rg8 33. Rf3 g4
34. hxg4 Rxg4 35. Kf2 Bg5 36. Rd3 a4 37. Kf3 Nh6 38. Rd1 a3 39. Bc1 Bxc1 40.
Nxc1 Rg5 41. Nd3 Nf5 42. g4 Rxg4 43. Kxg4 Ne3+ 44. Kg5 Nxd1 45. Kf6 Nc3 46.
Kxe6 Nxa2 47. Kf7 Nc3 48. Nc1 Ne4 49. e6 Nd6+ 50. Kf8 Ne4 51. e7 Nd6 52. e8=Q+
Nxe8 53. Kxe8 Kd6 54. Kd8 Ke5 55. Kxc7 Kd4 56. Kb6 Kc3 57. Kxc5 1-0

[Event "Mercredi 2023.11.22 ABCD"]
[Site "Montreal CAN"]
[Date "2023.12.13"]
[Round "4"]
[White "Beaulieu, Pierre"]
[Black "Giard, Antoine"]
[Result "1-0"]
[WhiteElo "1814"]
[BlackElo "1813"]
[PlyCount "67"]
[EventDate "2023.11.22"]
[EventType "tourn"]
[EventRounds "5"]
[EventCountry "CAN"]

1. Nf3 Nf6 2. b3 g6 3. Bb2 Bg7 4. e3 O-O 5. Be2 d6 6. d3 e5 7. Nbd2 Nc6 8. a3
h5 9. h3 Bd7 10. c4 Nh7 11. Qc2 Bf5 12. O-O-O a5 13. Rdg1 b5 14. g4 hxg4 15.
hxg4 Bd7 16. cxb5 Na7 17. d4 Re8 18. Bc4 Nf8 19. dxe5 dxe5 20. Ne4 Bxb5 21.
Nfg5 Bxc4 22. Qxc4 Ne6 23. f4 Nxg5 24. Nxg5 Qe7 25. Rh7 Nc8 26. Rgh1 Nd6 27.
Qd5 c6 28. Rxg7+ Kxg7 29. Rh7+ Kg8 30. Qh1 Qf6 31. fxe5 Rxe5 32. Nf3 Rae8 33.
Nxe5 Rxe5 34. Rh8+ 1-0

[Event "Mercredi 2023.11.22 ABCD"]
[Site "Montreal CAN"]
[Date "2023.12.13"]
[Round "4"]
[White "Chapdelaine, Gwyn"]
[Black "Cardin, Guillaume"]
[Result "1-0"]
[WhiteElo "2061"]
[BlackElo "2064"]
[PlyCount "67"]
[EventDate "2023.11.22"]
[EventType "tourn"]
[EventRounds "5"]
[EventCountry "CAN"]

1. c4 c6 2. e4 d5 3. exd5 cxd5 4. cxd5 Nf6 5. Nc3 Nxd5 6. Bc4 e6 7. Nf3 Bd6 8.
d4 Nxc3 9. bxc3 Qc7 10. Qe2 O-O 11. O-O Nd7 12. Rb1 b6 13. Bd3 Bb7 14. Rb5 Nf6
15. Bg5 Ng4 16. h3 Nh2 17. Nxh2 Bxh2+ 18. Kh1 Bf4 19. Bh4 Bc6 20. Rh5 g6 21.
Bf6 Qb7 22. Qg4 Bxg2+ 23. Qxg2 Qxg2+ 24. Kxg2 gxh5 25. Kf3 Rfc8 26. Kxf4 h6 27.
Rg1+ Kf8 28. Rg7 a6 29. Rh7 Ke8 30. c4 Rab8 31. Be4 b5 32. c5 b4 33. c6 a5 34.
Rh8# 1-0